CATÁLOGO PÚBLICO DE LA BIBLIOTECA OSCAR VARSAVSKY

Unidad Agroecológica de Producción de Flores en la Ciudad Socialista Cacique Tiuna, Municipio Libertador, Caracas, Venezuela, Período 2015-2019 (Registro nro. 1174)

Detalles MARC
000 -CABECERA
campo de control de longitud fija 02257nam a22002057a 4500
001 - NÚMERO DE CONTROL
campo de control T027600013659
008 - DATOS DE LONGITUD FIJA--INFORMACIÓN GENERAL
campo de control de longitud fija 181014b xve||||| m 0 e0p | esp
040 ## - FUENTE DE LA CATALOGACIÓN
Centro catalogador/agencia de origen FEVP
Centro/agencia transcriptor FEVP
041 ## - CÓDIGO DE LENGUA
Código de lengua del texto/banda sonora o título independiente spa
099 ## - SIGNATURA TOPOGRÁFICA LOCAL
Sigla especial EVP T-P.A.
Cutter D363
Fecha 2016
100 ## - ENTRADA PRINCIPAL--NOMBRE DE PERSONA
Apellido (s), Nombre (s) Delpian López, Alison Silvana
245 ## - MENCIÓN DE TÍTULO
Título Unidad Agroecológica de Producción de Flores en la Ciudad Socialista Cacique Tiuna, Municipio Libertador, Caracas, Venezuela, Período 2015-2019
260 ## - PUBLICACIÓN, DISTRIBUCIÓN, ETC. (PIE DE IMPRENTA)
Fecha de publicación, distribución, etc. Mayo, 2016
300 ## - DESCRIPCIÓN FÍSICA
Extensión 80p. : il.col. +
Material acompañante/anejo 1 DVD
500 ## - NOTA GENERAL
Nota general Impreso
502 ## - NOTA DE TESIS
Nota de tesis TESIS -- Especialista en Planificación Agroecológica,
520 ## - NOTA DE RESUMEN, ETC. (R)
Sumario, etc. Al plantearnos un proyecto de planificación con bases agroecológicas, la idea fundamental es a través del diseño y manejo sustentable del agroecosistema, para que de este modo pueda ser sustentable y sostenible en el tiempo, donde la agroecología nos va a permitir mantener prácticas nuestras, heredadas de los antepasados, manteniendo un equilibrio humano-naturaleza. Este proyecto se realizará en la Ciudad Socialista Cacique Tiuna, Parroquia Coche, Municipio Libertador, Distrito Capital, donde se plantea la posibilidad de transformar el espacio libre formado por dos laderas (1 ha c/u), en un área de producción de flores comestibles y ornamentales de forma agroecológica, mediante un diseño predial de producción y paisajismo, solventando una realidad social incorporando a los y las adolescentes, al trabajo productivo, a través de la conformación de una empresa de propiedad social directa (EPSD), promocionando los valores, el desarrollo endógeno, consumo responsable, la organización, igualdad de género, equidad, logrando crear un espacio libre y productivo a nivel comunal. Los y las adolescentes estarán en constante formación en producción y distribución de rubros, cursos de socio política, planificación y administración, además la unidad agroecológica de producción de flores comestibles y ornamentales contará con una infraestructura y un espacio semi protegido para el almacenamiento de las flores de corte, así como para resguardo de herramientas y donde estudiantes podrán realizar intercambio de saberes y prácticas agroecológicas
700 ## - PUNTO DE ACCESO ADICIONAL--NOMBRE DE PERSONA
Nombre de persona Msc. Alban, Raúl
Término indicativo de función/relación Tutor
942 ## - ELEMENTOS DE PUNTO DE ACCESO ADICIONAL (KOHA)
Tipo de ítem Koha Tesis
Fuente del sistema de clasificación o colocación Library of Congress Classification
Existencias
Estado de retiro Estado de pérdida Fuente del sistema de clasificación o colocación Estado dañado No para préstamo Localización permanente Ubicación/localización actual Fecha de adquisición Total de préstamos Signatura topográfica completa Código de barras Fecha visto por última vez Precio válido a partir de Tipo de ítem Koha Número de copia
          Oscar Varsavsky Oscar Varsavsky 31.10.2018   EVP T-P.A. D363 2016 T027600017624 31.10.2018 31.10.2018 Tesis  
          Oscar Varsavsky Oscar Varsavsky 31.10.2018   EVP T-P.A. D363 2016 T027600017625 31.10.2018 31.10.2018 Tesis e.2